'Tribute' - Tenacious D - Lyrics - Statistics

General Stats
  • This quiz has been taken 91 times
  • The average score is 247 of 305
Answer Stats
Answer % Correct
A
98%
a
98%
I
98%
is
97%
the
97%
The
97%
This
97%
this,
97%
this
97%
be,
95%
"Be
95%
in
95%
In
95%
so
95%
so,
95%
song
95%
song,
95%
song!
95%
song.
95%
world.
95%
world,
95%
and
93%
And
93%
beast
93%
best
93%
greatest
93%
me
93%
me.
93%
my
93%
Tribute.
93%
tribute.
93%
road.
92%
was
92%
We
92%
we
92%
you
92%
You
92%
eat
90%
he
90%
He
90%
or
90%
"Play
90%
said!
90%
said
90%
your
90%
demon.
88%
i'll
88%
It
86%
Just
86%
just
86%
Kyle
86%
Kyle.
86%
Look
86%
on
86%
to
86%
To
86%
long
85%
played
85%
souls"
85%
(souls)
85%
at
83%
but
83%
into
83%
men,
83%
of
83%
One
83%
one
83%
that
83%
are
81%
brother
81%
each
81%
eyes
81%
looked
81%
nay.
81%
no.
81%
no!
81%
see,
81%
When
81%
ago
80%
down
80%
here...
80%
it's
80%
It's
80%
middle
80%
"Okay."
80%
other.
80%
our
80%
thing
80%
time
80%
two,
80%
two
80%
angels?"
78%
came
78%
first
78%
make
78%
three,
78%
easy
76%
not
76%
stunned.
76%
shine,
75%
there
75%
there.
75%
destiny.
73%
happened
73%
heads,
73%
lonesome
71%
tail!
71%
Well,
71%
All
69%
shined
69%
shiny
69%
sudden,
69%
sun
69%
us,
69%
done.
68%
rock!
68%
asked
66%
every
66%
hundred
66%
moon
66%
Once
66%
were
66%
years
66%
Couldn't
64%
glow,
64%
thousand
64%
needless
61%
remember
61%
say.
61%
night,
59%
crack
58%
hitchhiking
58%
like
58%
Oh,
58%
sound
58%
Whip
58%
grass
54%
grow.
54%
his
54%
doth
53%
anything
51%
wish
51%
gotta
49%
believe
47%
Didn't
47%
matter
47%
sang
46%
opinion.
44%
fateful
42%
friends,
42%
God,
37%
fuck.
36%
Good
36%
went
34%
what
31%
motherfuckin'
25%
peculiar
25%
alright.
24%
Alright.
24%
love
24%
whoopy
20%
Because
19%
him.
12%
fire.
8%
ring
8%
motherfucking,
7%
fiery
5%
No matching quizzes found
Score Distribution
Percent of People with Each Score
Percentile by Number Answered
Your Score History
You have not taken this quiz